Biggest Arabic-Speaking Cities - Statistics

General Stats
  • This quiz has been taken 3,131 times
    2,890 since last reset
  • The average score is 16 of 20
Answer Stats
Population City % Correct
20.5 mil Cairo
98%
7.75 mil Riyadh
94%
4.90 mil Dubai
93%
6.85 mil Baghdad
92%
3.90 mil Algiers
90%
5.70 mil Alexandria
89%
3.75 mil Damascus
87%
4.22 mil Casablanca
86%
2.62 mil Tunis
85%
5.45 mil Amman
81%
4.67 mil Kuwait City
78%
2.07 mil Mecca
78%
2.02 mil Rabat
78%
2.72 mil Sana’a
77%
4.77 mil Jeddah
76%
2.30 mil Doha
75%
6.15 mil Khartoum
74%
1.87 mil Aleppo
61%
2.42 mil Dammam
34%
1.90 mil Gaza
33%
No matching quizzes found
Score Distribution
Percent of People with Each Score
Percentile by Number Answered
Your Score History
You have not taken this quiz since the last reset